000 00760nam a2200193 a 4500
001 BRCA_2335
005 20190320203750.0
008 890309s2005 ---a---##c---#001-0#eng-#
020 _a0863555217
050 4 _aNK1443
_b.I47 2005
245 1 0 _aImport-Export
_ccurator Lesley Jackson.
260 _aLondres
_bBritish Council
_c[2005]
300 _a105 p.
_bil. a color
_c19 cm.
500 _aCatálogo de una exposición que viajó internacionalmente producida por la British Council´s Art, Architecture & Design department
500 _aCatálogo de la exposición realizada en el Museo Franz Mayer (Ciudad de México), 2005
650 1 4 _aDiseño
_vExposiciones
_xHistoria
_ySiglo XXI
_zGran Bretaña
_97015
700 1 _aJackson, Lesley
_97016
942 _2lcc
_cB
999 _c2079
_d2079